000
00315nam a2200109 a 4500
005
20201002033702.0
008
130716s1930 000 spa d
100
_a
Russell, Bertrand
_9
45737
245
0
_a
Vieja y nueva moral sexual.
260
_a
Madrid, España -- edit. españa,
_c
1930 -- 300 pag.
999
_c
39188
_d
39188
040
_a
DO-SdBNP